Algebraic geometry : an introduction to birational geometry of algebraic varieties /
Guardado en:
| Autor Principal: | |
|---|---|
| Formato: | Libro |
| Idioma: | English Japanese |
| Publicado: |
New York :
Springer-Verlag,
c1982.
|
| Series: | Graduate texts in mathematics ;
76 |
| Materias: | |
| Etiquetas: |
Agregar Etiqueta
Sin Etiquetas, Sea el primero en etiquetar este registro!
|
| LEADER | 00937cam a2200265 a 4500 | ||
|---|---|---|---|
| 001 | MAT.inmabb003764 | ||
| 008 | 810105s1982####nyua#####b####001#0#eng## | ||
| 005 | 20130304130634.0 | ||
| 245 | 1 | 0 | |a Algebraic geometry : |b an introduction to birational geometry of algebraic varieties / |c Shigeru Iitaka. |
| 260 | |a New York : |b Springer-Verlag, |c c1982. | ||
| 300 | |a x, 357 p. : |b il. ; |c 25 cm. | ||
| 440 | 0 | |a Graduate texts in mathematics ; |v 76 | |
| 500 | |a Traducción de: Daisu kikagaku. Tokyo : Iwanami, 1977. | ||
| 504 | |a Incluye referencias bibliográficas (p. 345-348) e índice. | ||
| 510 | 4 | |a MR, |c 84j:14001 | |
| 020 | |a 0387905464 | ||
| 100 | 1 | |a Iitaka, Shigeru. | |
| 240 | 1 | 0 | |a Daisu kikagaku. |l Inglés |
| 650 | 0 | |a Geometry, Algebraic. | |
| 650 | 0 | |a Algebraic varieties. | |
| 084 | |a 14-01 (14-02 14E05) |2 msc2000 | ||
| 010 | |a 80028195 | ||
| 040 | |a DLC |c DLC |d DLC | ||
| 041 | 1 | |a eng |h jpn | |
| 859 | |h 14 |i Ii25a |p A-6001 |b BIB. MATEMATICA | ||
